Bhagawad-Geeta Commentary / (Record no. 63844)

MARC details
000 -LEADER
fixed length control field 00559nam a22001697a 4500
005 - DATE AND TIME OF LATEST TRANSACTION
control field 2012030709569.0
020 ## - INTERNATIONAL STANDARD BOOK NUMBER
Terms of availability 88.00
035 ## - SYSTEM CONTROL NUMBER
System control number A-736146
037 ## - SOURCE OF ACQUISITION
Stock number DPL
Source of stock number/acquisition ENG
100 ## - MAIN ENTRY--PERSONAL NAME
Personal name Kale, M. G.
245 ## - TITLE STATEMENT
Title Bhagawad-Geeta Commentary /
Statement of responsibility, etc by M.G. Kale
250 ## - EDITION STATEMENT
Edition statement Vol.3 Chapter thirteen to eighteen
260 ## - PUBLICATION, DISTRIBUTION, ETC. (IMPRINT)
Place of publication, distribution, etc Bombay
Name of publisher, distributor, etc M.G. Kale
Date of publication, distribution, etc 1994
300 ## - PHYSICAL DESCRIPTION
Extent v, 262p.
Dimensions 18 cms.
942 ## - ADDED ENTRY ELEMENTS (KOHA)
Source of classification or shelving scheme Dewey Decimal Classification
Item type English Books
Classification part 181.45
Call number suffix KAL
Holdings
Withdrawn status Lost status Not for loan Collection code Home library Current library Date acquired Cost, normal purchase price Full call number Barcode Cost, replacement price Koha item type
      Non-fiction Sarojini Nagar Sarojini Nagar 07/03/2012 88.00 181.45 KAL A-736146 88.00 English Books

© Delhi Public Library
Hit Counter
free hit counter